Translation Processes in Marketing and Advertising diplomová práca

Salvato in:
Dettagli Bibliografici
Autore principale: Tupá, Nina
Ente Autore: Fakulta aplikovaných jazykov EU v Bratislave. Katedra jazykovedy a translatológie
Altri autori: Štefčík, Jozef, 1976-
Natura: Libro
Lingua:inglese
Pubblicazione: Bratislava 2025
Tags: Aggiungi Tag
Nessun Tag, puoi essere il primo ad aggiungerne!!

MARC

LEADER 00000nbm a2200000 4500
001 0308942
005 20260211105426.0
041 0 |a eng 
044 |a SK 
245 1 0 |a Translation Processes in Marketing and Advertising  |b diplomová práca  |c Nina Tupá ; školiteľ: Jozef Štefčík 
264 1 |a Bratislava  |c 2025 
300 |a 73 s. 
100 1 |a Tupá, Nina 
700 1 |a Štefčík, Jozef, 1976- 
710 2 |a Fakulta aplikovaných jazykov EU v Bratislave. Katedra jazykovedy a translatológie